Statistics for Pokémon Picture Decoder

Click here to take the quiz!

General Stats

  • This quiz has been taken 61 times
  • The average score is 19 of 28

Answer Stats

LetterClueAnswer% Correct
ECreatureEevee
96%
ETypeElectric
96%
MCharacterMisty
96%
ACreatureAbra
94%
FTypeFire
94%
OCreatureOnix
94%
BCharacterBrock
92%
ITypeIce
91%
TCreatureTotodile
87%
KRegionKanto
83%
GCharacterGiovanni
79%
AGameAlpha Sapphire
75%
GGameGold
75%
TMoveThunderbolt
75%
SRegionSinnoh
70%
ICreatureIgglybuff
68%
SGameSnap
66%
FStatusFreeze
60%
RItemRevive
58%
TMoveTackle
58%
CMoveCrunch
55%
NItemNet Ball
55%
NItemNugget
43%
AItemAntidote
40%
LCityLavender City
30%
Quote:‎Team Rocket's
blasting
off again!
26%
OCityOreburgh City
23%
ACityAzalea City
17%

Score Distribution

Percentile by Number Answered

Percent of People with Each Score

Your Score History

You have not taken this quiz